A whack on the side of the head: how you can be more creative
Uloženo v:
| Hlavní autor: | |
|---|---|
| Médium: | Kniha |
| Jazyk: | angličtina |
| Vydáno: |
Nueva York
Business Plus
1983
|
| Vydání: | 1a. ed |
| Témata: | |
| Tagy: |
Přidat tag
Žádné tagy, Buďte první, kdo vytvoří štítek k tomuto záznamu!
|
MARC
| LEADER | 00000nam a2200000 a 4500 | ||
|---|---|---|---|
| 001 | UCI9922 | ||
| 003 | CL-VaPUC | ||
| 008 | 081218e19830000US |||||||||||||||||eng|d | ||
| 020 | |a 9780446404662 | ||
| 082 | 0 | 4 | |a 658.312404 |b OEC |2 21 |
| 100 | 0 | |a Oech, Roger von |e author |9 533982 | |
| 245 | 1 | 2 | |a A whack on the side of the head: how you can be more creative |
| 250 | |a 1a. ed | ||
| 300 | |a 256 p | ||
| 942 | |c BK | ||
| 945 | |d 20081218 00:00:00 |a rbrito | ||
| 260 | |a Nueva York |b Business Plus |c 1983 | ||
| 650 | 0 | |a Creatividad |9 310816 | |
| 650 | 7 | |a CAPACITACION LABORAL |2 CL-VaPUC |9 411356 | |
| 650 | 0 | |a Inteligencia |9 267038 | |
| 583 | |a last modification |c 20081218 00:00:00 |k Rodrigo Vera | ||
| 999 | |c 332368 |d 332366 | ||
| 952 | |0 0 |1 0 |4 0 |6 658_312404000000000_OEC_1983 |7 0 |8 A |9 420002 |a BIBING |b BIBING |d 2019-11-22 |i 450772K |o 658.312404 OEC 1983 |p 450772K |r 2025-01-20 |w 2019-11-22 |y BK |k EII | ||